La fe en Kant
Spremljeno u:
| Glavni autor: | |
|---|---|
| Format: | Knjiga |
| Jezik: | španjolski |
| Izdano: |
Pamplona
Eunsa
1992
|
| Teme: | |
| Oznake: |
Dodaj oznaku
Bez oznaka, Budi prvi tko označuje ovaj zapis!
|
MARC
| LEADER | 00000nam a2200000 a 4500 | ||
|---|---|---|---|
| 001 | UCM5742 | ||
| 003 | CL-VaPUC | ||
| 008 | 021018e19920000sp |||||||||||||||||spa|d | ||
| 082 | 0 | 4 | |a 142.3 |b ODE |2 21 |
| 100 | |a Odero, José Miguel |e autor |9 877033 | ||
| 245 | 1 | 3 | |a La fe en Kant |
| 300 | |a 621 p | ||
| 600 | 0 | |a Kant, Immanuel, |d 1724-1804 |9 858687 | |
| 942 | |c BK | ||
| 945 | |d 20021018 00:00:00 |a cmena | ||
| 260 | |a Pamplona |b Eunsa |c 1992 | ||
| 650 | 0 | |a Kantismo |9 311003 | |
| 650 | 0 | |a Filosofía de la religión |9 256017 | |
| 650 | 0 | |a Filosofía alemana |9 265002 | |
| 650 | 0 | |a Cristianismo |9 257361 | |
| 650 | 0 | |a Teología |9 258766 | |
| 583 | |a last modification |c 20171010 04:35:29 |k Rodrigo Vera | ||
| 999 | |c 301600 |d 301598 | ||
| 952 | |0 0 |1 0 |4 0 |6 142_300000000000000_ODE_1992 |7 0 |8 A |9 360772 |a BIBEDU |b BIBEDU |d 2019-11-21 |i 3846016 |o 142.3 ODE 1992 |p 3846016 |r 2019-11-21 |w 2019-11-21 |y BK |k FIL | ||